রক্ত পিছল কাশ্নীর / (Record no. 71117)
[ view plain ]
| 000 -LEADER | |
|---|---|
| fixed length control field | 00756nam a2200217 a 4500 |
| 001 - CONTROL NUMBER | |
| control field | 71117 |
| 003 - CONTROL NUMBER IDENTIFIER | |
| rucl marc code | BD-RjUL |
| 005 - DATE AND TIME OF LATEST TRANSACTION | |
| control field | 20211209082059.0 |
| 008 - FIXED-LENGTH DATA ELEMENTS--GENERAL INFORMATION | |
| fixed length control field | 170226s1966 bg a|||| |||| 00| 0 d |
| 035 ## - SYSTEM CONTROL NUMBER | |
| System control number | (BD-RjUL)71332 |
| 040 ## - CATALOGING SOURCE | |
| Original cataloging agency | BD-RjUL |
| Language of cataloging | ben |
| Transcribing agency | BD-RjUL |
| Modifying agency | BD-RjUL |
| 041 ## - LANGUAGE CODE | |
| Language code of text/sound track or separate title | ben |
| 082 ## - DEWEY DECIMAL CLASSIFICATION NUMBER | |
| Edition number | 23 |
| Classification number | 954.913 |
| Author mark and year | ROR 1966 |
| 100 1# - MAIN ENTRY--PERSONAL NAME | |
| Personal name | রহমান, মীজানুর |
| 9 (RLIN) | 204764 |
| 245 10 - TITLE STATEMENT | |
| Title | রক্ত পিছল কাশ্নীর / |
| Statement of responsibility, etc. | মীজানুর রহমান |
| 260 ## - PUBLICATION, DISTRIBUTION, ETC. (IMPRINT) | |
| Place of publication, distribution, etc. | ঢাকা : |
| Name of publisher, distributor, etc. | দিদার পাবলিশং হাউস, |
| Date of publication, distribution, etc. | ১৯৬৬ |
| 300 ## - PHYSICAL DESCRIPTION | |
| Pagination | ২১৫ পৃ. ; |
| Size | ২২ সেমি |
| 651 ## - SUBJECT ADDED ENTRY--GEOGRAPHIC NAME | |
| Geographic name | ভারত |
| Form subdivision | ইতিহাস |
| 9 (RLIN) | 192308 |
| Geographic name | India |
| Form subdivision | History |
| 9 (RLIN) | 192309 |
| 942 ## - ADDED ENTRY ELEMENTS (KOHA) | |
| Source of classification or shelving scheme | Dewey Decimal Classification |
| Koha item type | Books |
| Lost status | Source of classification or shelving scheme | Damaged status | Not for loan | Collection code | Permanent Location | Current Location | Shelving location | Date acquired | Source of acquisition | Cost, normal purchase price | Total Checkouts | Full call number | Date last seen | Copy number | Koha item type |
|---|---|---|---|---|---|---|---|---|---|---|---|---|---|---|---|
| Dewey Decimal Classification | Not For Loan | Non-fiction | Central Library, University of Rajshahi | Central Library, University of Rajshahi | Reading Room | 27/12/1966 | N/A | 4.50 | B 954.913 ROR 1966 | 26/04/2017 | C-1 | Books |